Some non-UN countries - Statistics

General Stats
  • This quiz has been taken 21 times
  • The average score is 8 of 45
Answer Stats
Answer % Correct
Palestine
81%
French Guiana
50%
Taiwan
50%
Abkhazia
44%
Kosovo
44%
Scotland
44%
South Ossetia
44%
Northern Ireland
38%
Somaliland
38%
Vatican City
38%
Western Sahara
38%
Cook Islands
31%
Greenland
31%
Kurdistan
31%
Northern Cyprus
31%
Transnistria
31%
Wales
31%
Crimea
25%
England
25%
Isle of Man
25%
Czechoslovakia
13%
USSR
13%
Yugoslavia
13%
Artsakh
6%
South Vietnam
6%
Texas
6%
United Korea
6%
Aerican Empire
0%
Airitmona
0%
Antarctica
0%
Asia
0%
Aumpatia
0%
Austanisa
0%
Austria-Hungary Empire
0%
British West Florida
0%
Central America
0%
Elikeo
0%
Fredonia
0%
Freedonia
0%
Freonia
0%
Hawaii
0%
Sealand
0%
Spanish Sahara
0%
Transylvania
0%
Zanzibar
0%
No matching quizzes found
Score Distribution
Percent of People with Each Score
Percentile by Number Answered
Your Score History
You have not taken this quiz